Diseño y construcción de un ascensor a nivel de laboratorio controlable por PLC o Arduino
Saved in:
| Main Author: | |
|---|---|
| Other Authors: | |
| Format: | Book |
| Language: | Spanish |
| Published: |
[San José], Costa Rica
[2015?]
|
| Subjects: | |
| Tags: |
Add Tag
No Tags, Be the first to tag this record!
|
MARC
| LEADER | 00000nam a22000007a 4500 | ||
|---|---|---|---|
| 003 | 012406 | ||
| 005 | 20230913154440.0 | ||
| 008 | 160712b2015 cr a|||| |||| 00| ||spa d | ||
| 040 | |c cru CEDI | ||
| 090 | |a TFG 7564 | ||
| 100 | |9 1501 |a Salas Zamora, César Andrés, 1991- | ||
| 245 | |a Diseño y construcción de un ascensor a nivel de laboratorio controlable por PLC o Arduino | ||
| 260 | |a [San José], Costa Rica |c [2015?] | ||
| 300 | |a xi, 59 hojas; ilustraciones a color | ||
| 500 | |a Proyecto de graduación (bachillerato en ingeniería eléctrica)--Universidad de Costa Rica. Facultad de Ingeniería. Escuela de Ingeniería Eléctrica | ||
| 501 | |a Profesor Guía de IE-0499 Proyecto Eléctrico: Dr. José David Rojas Fernández | ||
| 650 | |x SISTEMAS DE CONTROL |x CONTROLADORES LOGICOS PROGRAMABLES |x ASCENSORES - DISEÑO Y CONSTRUCCION |x ARDUINO (CONTROLADOR PROGRAMABLE) |9 5206 | ||
| 700 | |9 701 |a Rojas Fernández, José David, 1984- |d Director de Proyecto Eléctrico | ||
| 942 | |c CEDI | ||
| 999 | |c 16987 |d 16987 | ||
